[Event "N�-LL 2004/05"]
[Site "MyTown"]
[Date "2004.12.12"]
[Round "6"]
[White "Penz, Harald"]
[Black "Degen, Gerhard"]
[Result "1/2-1/2"]
[WhiteElo "2269"]
[BlackElo "2097"]
[Annotator "Mauerbach-Ternitz"]
[PlyCount "109"]
[EventDate "2004.??.??"]

1. e4 c6 2. d4 d5 3. Nd2 dxe4 4. Nxe4 Nd7 5. Nf3 Ngf6 6. Nxf6+ Nxf6 7. Bd3 Bg4
8. c3 e6 9. h3 Bh5 10. O-O Be7 11. Re1 O-O 12. Be2 c5 13. Bg5 Qb6 14. Qb3 Rfd8
15. Qxb6 axb6 16. g4 Bg6 17. Bc4 Kf8 18. a3 Be4 19. Nd2 Bc6 20. Be3 Nd5 21.
Bxd5 Bxd5 22. Rad1 Rac8 23. Nf1 h5 24. dxc5 bxc5 25. gxh5 Bf3 26. Rxd8+ Rxd8
27. h6 gxh6 28. Bxh6+ Ke8 29. Nh2 Bc6 30. Ng4 Rd3 31. Ne5 Rxh3 32. Nxc6 Rxh6
33. Nxe7 Kxe7 34. Kg2 Rh5 35. Rd1 Re5 36. Rd2 Re1 37. Kf3 Re5 38. Kf4 Re1 39.
f3 Rh1 40. Ke3 Re1+ 41. Kd3 Kd6 42. f4 Kc6 43. Rh2 f5 44. Rf2 b5 45. c4 Re4 46.
cxb5+ Kxb5 47. b3 c4+ 48. bxc4+ Kc5 49. a4 Rd4+ 50. Ke3 Rxc4 51. Ra2 Rc3+ 52.
Kf2 Rc4 53. Kg3 e5 54. fxe5 Re4 55. a5 1/2-1/2

[Event "N�-LL 2004/05"]
[Site "MyTown"]
[Date "2004.12.12"]
[Round "6"]
[White "Braun, Karl Heinz"]
[Black "Schorn, Christoph"]
[Result "1-0"]
[WhiteElo "2096"]
[BlackElo "2152"]
[Annotator "Mauerbach-Ternitz"]
[PlyCount "75"]
[EventDate "2004.??.??"]

1. e4 c5 2. Nf3 d6 3. Nc3 a6 4. g3 Nc6 5. Bg2 g6 6. O-O Bg7 7. Nd5 e6 8. Ne3
Nge7 9. c3 O-O 10. d3 Qc7 11. Ng4 f5 12. Nh6+ Kh8 13. Bg5 Rb8 14. a4 b5 15.
axb5 axb5 16. Qc2 b4 17. Ra4 Bd7 18. Ra6 Nc8 19. Rfa1 Qb7 20. exf5 gxf5 21. Nh4
bxc3 22. bxc3 Qb5 23. Ra8 Qb3 24. Qc1 Rxa8 25. Rxa8 Qxc3 26. Qd1 Ne5 27. Bf1
Bc6 28. Rb8 Qd4 29. Qe2 Qa1 30. Qh5 Be8 31. Qe2 Bd7 32. Rb7 Qa6 (32... Bc6 33.
Rc7 Bb5 34. Bf4 Qa5 35. Rxc5 dxc5 36. Bxe5 Qa7 37. Qb2 Bc6) 33. Rxd7 Nxd7 34.
Qxe6 Ne5 35. d4 Nd3 36. Nf7+ Rxf7 37. Qxf7 Bxd4 38. Qf8# 1-0

[Event "N�-LL 2004/05"]
[Site "MyTown"]
[Date "2004.12.12"]
[Round "6"]
[White "Thoma, Wilhelm"]
[Black "Weninger, Robert"]
[Result "1/2-1/2"]
[WhiteElo "2126"]
[BlackElo "2032"]
[Annotator "Mauerbach-Ternitz"]
[PlyCount "47"]
[EventDate "2004.??.??"]

1. d4 Nf6 2. c4 g6 3. Nc3 d5 4. cxd5 Nxd5 5. Na4 Bg7 6. e4 Nb6 7. Be3 O-O 8.
Rc1 Nxa4 9. Qxa4 Nd7 10. Qc2 c6 11. Nf3 e5 12. dxe5 Nxe5 13. Nxe5 Bxe5 14. f4
Bd4 15. Rd1 (15. Qd2 Bxe3 16. Qxe3 Qa5+ 17. Qc3 Qxa2 18. Bc4 Qa4 19. b4 Re8 20.
O-O Rxe4 21. Ra1 Rxc4 22. Qxc4 Qb5 23. Qxb5 cxb5 24. Rfc1) 15... Qa5+ 16. Bd2
Qb6 17. Bc3 Rd8 18. Be2 (18. Bxd4 Rxd4 19. Rxd4 Qxd4 20. Be2 Qe3 21. Rf1 Bg4
22. Qd3 $1) 18... Bf2+ (18... Be6 19. Bxd4 Rxd4 20. Rxd4 Qxd4) 19. Kf1 Bh4 (
19... Be6 20. Bf6 Rxd1+ 21. Bxd1 Bd4 22. Bxd4 Qxd4) 20. Rxd8+ Qxd8 21. Bf3 Be6
22. b3 Bf6 23. Ke2 Bxc3 24. Qxc3 1/2-1/2

[Event "N� LL 2004/05"]
[Site "?"]
[Date "2004.12.12"]
[Round "6"]
[White "Rumpl, Erwin"]
[Black "Wiedner, Robert"]
[Result "1-0"]
[WhiteElo "2244"]
[BlackElo "2147"]
[Annotator "Wr.Neustadt : Amstetten"]
[PlyCount "157"]

1. c4 g6 2. Nc3 Bg7 3. g3 Nf6 4. Bg2 O-O 5. e4 d6 6. Nge2 c5 7. O-O Nc6 8. d3
Bd7 9. Rb1 Qc8 10. a3 Bh3 11. b4 Bxg2 12. Kxg2 Nd7 13. b5 Nd4 14. Bb2 e6 15. f4
Qd8 16. a4 Nb6 17. Nxd4 Bxd4 18. f5 Qe7 19. Qd2 Nd7 20. Rbe1 Bf6 21. Nd1 Bxb2
22. Qxb2 Qf6 23. Qxf6 Nxf6 24. fxe6 fxe6 25. e5 Ng4 26. Rxf8+ Kxf8 27. exd6 Kf7
28. Nc3 Nf6 29. Rf1 Kg7 30. Ne4 Nxe4 31. dxe4 e5 32. Rd1 Kf6 33. Rd5 b6 34. Kf3
Rd8 35. d7 Ke6 36. Kg4 Kf6 37. a5 bxa5 38. Rxc5 Rxd7 39. Rc6+ Ke7 40. Ra6 Rc7
41. Rxa5 Kd6 42. Kg5 Kc5 43. b6+ Kxb6 44. Rb5+ Kc6 45. Rxe5 Kd6 46. Ra5 Rf7 47.
h4 Ke6 48. g4 Kd6 49. h5 gxh5 50. gxh5 Ke6 51. h6 Rc7 52. Kf4 Kf7 53. Kf5 Kf8
54. c5 Rc6 55. Rxa7 Rxh6 56. Ke5 Ke8 57. Kd5 Rh1 58. e5 Kd8 59. Kd6 Rd1+ 60.
Ke6 Rh1 61. Rg7 Rh2 62. Ra7 Rh1 63. Ra8+ Kc7 64. Ke7 h5 65. e6 h4 66. Rh8 h3
67. Ke8 h2 68. e7 Kc6 69. Kd8 Rd1+ 70. Kc8 Re1 71. Rh6+ Kxc5 72. Kd7 Rd1+ 73.
Kc7 Re1 74. Rh5+ Kc4 75. Kd6 Rd1+ 76. Kc6 Re1 77. Rh4+ Kc3 78. Kd6 Rd1+ 79. Kc5
1-0

[Event "N� LL 2004/05"]
[Site "?"]
[Date "2004.12.12"]
[Round "6"]
[White "Posch, Werner"]
[Black "Gugler, Edgar"]
[Result "1/2-1/2"]
[WhiteElo "2188"]
[BlackElo "2195"]
[Annotator "Wr.Neustadt : Amstetten"]
[PlyCount "86"]

1. e4 c6 2. d3 g6 3. g3 Bg7 4. Bg2 d5 5. Nd2 dxe4 6. dxe4 Nf6 7. Ngf3 O-O 8.
O-O Bg4 9. h3 Bxf3 10. Qxf3 Nbd7 11. Nc4 b5 12. Ne3 Nc5 13. e5 Nd5 14. Nxd5
Qxd5 15. Re1 Qxf3 16. Bxf3 Rac8 17. Be3 Nd7 18. Bf4 Nb6 19. Rad1 e6 20. b3 Nd5
21. Bd2 Rfe8 22. Ba5 b4 23. Rd3 Bf8 24. Re4 Rb8 25. c4 bxc3 26. Bxc3 Rb5 27.
Ba1 Reb8 28. Rc4 Ra5 29. a4 Rc5 30. Rxc5 Bxc5 31. Be2 Nb4 32. Rd2 Nd5 33. Bd1
h5 34. h4 Bb4 35. Rd3 Kf8 36. Kg2 Ke8 37. Bc2 Rd8 38. Kf3 Rb8 39. Bd4 Rb7 40.
Ke2 Be7 41. Bd1 Rd7 42. Rd2 Bb4 43. Rd3 Be7 1/2-1/2

[Event "N� LL 2004/05"]
[Site "?"]
[Date "2004.12.12"]
[Round "6"]
[White "Wadsack, Wolfgang"]
[Black "Todor, Razvan"]
[Result "1-0"]
[WhiteElo "2178"]
[BlackElo "2133"]
[Annotator "Wr.Neustadt : Amstetten"]
[PlyCount "109"]

1. e4 d6 2. d4 Nf6 3. Nc3 e5 4. dxe5 dxe5 5. Qxd8+ Kxd8 6. Bg5 Be6 7. O-O-O+
Kc8 8. f4 exf4 9. e5 Nfd7 10. Nf3 h6 11. Bxf4 g5 12. Bg3 Bg7 13. Nd4 Nxe5 14.
Nxe6 fxe6 15. Bxe5 Bxe5 16. Bc4 Re8 17. Rhf1 Nd7 18. g3 Bxc3 19. bxc3 Re7 20.
h4 a6 21. hxg5 b5 22. Bd3 hxg5 23. Be4 c6 24. Rd6 Ne5 25. Rf8+ Kb7 26. Rxa8
Kxa8 27. Bxc6+ Nxc6 28. Rxc6 Kb7 29. Rc5 e5 30. Kd2 g4 31. Kd3 Kb6 32. Rd5 Kc6
33. Ke4 Rf7 34. Kxe5 Rf3 35. Rd3 Kc5 36. Ke4 Rf2 37. Rd5+ Kc4 38. Rd6 Kxc3 39.
Rxa6 b4 40. a3 Rf3 41. Rc6+ Kd2 42. axb4 Rxg3 43. b5 Rg1 44. b6 Ke2 45. c4 g3
46. Rg6 Kf2 47. c5 Rb1 48. Kd5 g2 49. Kc6 g1=Q 50. Rxg1 Rxg1 51. b7 Rg6+ 52.
Kc7 Rg7+ 53. Kb6 Rg8 54. c6 Ke3 55. c7 1-0

[Event "N� LL 2004/05"]
[Site "?"]
[Date "2004.12.12"]
[Round "6"]
[White "M�ller, Roland"]
[Black "Wadsack, Winfried"]
[Result "1/2-1/2"]
[WhiteElo "2098"]
[BlackElo "2090"]
[Annotator "Wr.Neustadt : Amstetten"]
[PlyCount "129"]

1. d4 d5 2. c4 dxc4 3. Nf3 Nf6 4. e3 Bg4 5. Bxc4 e6 6. Nbd2 a6 7. a4 c5 8. h3
Bxf3 9. Nxf3 Nc6 10. O-O cxd4 11. exd4 Be7 12. Qd3 O-O 13. Bd2 Qd6 14. Rfd1
Rfd8 15. Qb3 Nd5 16. Bc3 Nxc3 17. Qxc3 Bf6 18. Qb3 Na5 19. Qc3 Rac8 20. Qxa5
Rxc4 21. b3 Rb4 22. Rd3 Qb6 23. Qxb6 Rxb6 24. Rad1 Rbd6 25. R3d2 h6 26. Kf1 Rb6
27. Rd3 Rb4 28. Ke2 Rd5 29. R1d2 a5 30. Kd1 b5 31. axb5 Rdxb5 32. Kc2 a4 33.
bxa4 Rxa4 34. Rc3 Rd5 35. Kb3 Ra8 36. Rc5 Rd7 37. Rb5 Rc8 38. Rc5 Rb7+ 39. Kc4
Rcb8 40. Kd3 Rd8 41. Ke2 Be7 42. Rc4 Rb5 43. Rdc2 Bf6 44. Rc8 Kh7 45. Rxd8 Bxd8
46. Ne5 f6 47. Rc8 Rb2+ 48. Kf3 Bb6 49. Nd7 Kg6 50. Nxb6 Rxb6 51. Rc7 f5 52. g4
Rb3+ 53. Kg2 f4 54. Rd7 Rd3 55. h4 h5 56. gxh5+ Kh6 57. Rf7 Rxd4 58. Kf3 e5 59.
Rf5 Rd3+ 60. Ke4 Rd2 61. Kxe5 Rxf2 62. Rxf4 Re2+ 63. Re4 Rxe4+ 64. Kxe4 Kxh5
65. Kf5 1/2-1/2

[Event "N� LL 2004/05"]
[Site "?"]
[Date "2004.12.12"]
[Round "6"]
[White "Stadler, Peter"]
[Black "Zwettler, Martin"]
[Result "1-0"]
[WhiteElo "2141"]
[BlackElo "2183"]
[Annotator "Zwettl : B�hlerwerk"]
[PlyCount "57"]

1. d4 Nf6 2. Nf3 c5 3. c4 e6 4. g3 cxd4 5. Nxd4 a6 6. Bg2 Qc7 7. b3 Bb4+ 8. Bd2
Be7 9. O-O Nc6 10. Nc2 d6 11. Nc3 b6 12. Rc1 Bb7 13. e4 Ne5 14. Qe2 O-O 15. f4
Ned7 16. g4 g6 17. g5 Nh5 18. Bf3 Ng7 19. Ne3 f6 20. Ng4 fxg5 21. fxg5 Ne5 22.
Nxe5 Qc5+ 23. Qe3 Qxe5 24. Na4 Bd8 25. Bg2 Rxf1+ 26. Rxf1 b5 27. Qf2 Nf5 28.
exf5 bxa4 29. fxg6 1-0

[Event "N� LL 2004/05"]
[Site "?"]
[Date "2004.12.12"]
[Round "6"]
[White "Vykydal, Frantisek"]
[Black "Loidl, Florian"]
[Result "1-0"]
[WhiteElo "2246"]
[BlackElo "2020"]
[Annotator "Zwettl : B�hlerwerk"]
[PlyCount "53"]

1. e4 c5 2. Nc3 Nc6 3. g3 e6 4. Bg2 Nf6 5. Nge2 d5 6. d3 d4 7. Nb1 Rb8 8. a4 a6
9. O-O b5 10. axb5 axb5 11. Bg5 Be7 12. Bxf6 Bxf6 13. f4 Bb7 14. e5 Be7 15.
Bxc6+ Bxc6 16. Nd2 Qd5 17. Ne4 f5 18. exf6 gxf6 19. f5 e5 20. g4 h5 21. N2g3 h4
22. Nh5 Kf7 23. Ra7 Bb7 24. Qf3 Rhg8 25. Nhxf6 Bxf6 26. Rxb7+ Qxb7 27. Nd6+ 1-0

[Event "N� LL 2004/05"]
[Site "?"]
[Date "2004.12.12"]
[Round "6"]
[White "Brandst�tter, Friedrich"]
[Black "Janetschek, Karl"]
[Result "1/2-1/2"]
[WhiteElo "2116"]
[BlackElo "2255"]
[Annotator "Zwettl : B�hlerwerk"]
[PlyCount "79"]

1. e4 c5 2. Nf3 e6 3. d4 cxd4 4. Nxd4 a6 5. Nc3 Qc7 6. g3 Nf6 7. Bg2 Be7 8. O-O
O-O 9. Re1 d6 10. a4 Nc6 11. b3 Bd7 12. Bb2 Rad8 13. Nce2 e5 14. Nxc6 Bxc6 15.
Nc3 Rc8 16. Qd3 b5 17. axb5 axb5 18. Nxb5 Bxb5 19. Qxb5 Qxc2 20. Re2 Rc5 21.
Rxc2 Rxb5 22. Ra7 Bd8 23. Ba3 Bb6 24. Ra4 Rxb3 25. Bxd6 Re8 26. Rb4 Rxb4 27.
Bxb4 h5 28. Bf3 Bd4 29. h4 Ra8 30. Be7 Ra1+ 31. Kg2 Ng4 32. Bc5 Bxc5 33. Rxc5
Re1 34. Bxg4 hxg4 35. Rxe5 f6 36. Ra5 Rxe4 37. Ra7 Kh7 38. Rb7 Ra4 39. Rc7 Rb4
40. Ra7 1/2-1/2

[Event "N� LL 2004/05"]
[Site "?"]
[Date "2004.12.12"]
[Round "6"]
[White "Lipp, Alfred"]
[Black "Semeck, Horst"]
[Result "1-0"]
[WhiteElo "2049"]
[BlackElo "1978"]
[Annotator "Zwettl : B�hlerwerk"]
[PlyCount "91"]

1. c4 c5 2. Nf3 g6 3. d4 cxd4 4. Nxd4 Bg7 5. e4 Nc6 6. Be3 d6 7. Be2 Nf6 8. Nc3
O-O 9. O-O a6 10. Qd2 Ng4 11. Bxg4 Bxg4 12. f3 Bd7 13. Nd5 Ne5 14. Rac1 Rc8 15.
b3 Bc6 16. Rfd1 Bxd5 17. exd5 Re8 18. h3 Nd7 19. Re1 e5 20. dxe6 fxe6 21. Bf2
e5 22. Nc2 Nf6 23. Nb4 Qc7 24. Rcd1 Rcd8 25. Bh4 Qc5+ 26. Kh1 Rd7 27. Bxf6 Bxf6
28. Qd5+ Qxd5 29. Rxd5 Kf7 30. Re4 Bg7 31. Nd3 Re6 32. Nc5 Rc7 33. Nxe6 Kxe6
34. a4 Bh6 35. Re1 b6 36. g3 g5 37. Kg2 a5 38. Kf2 Bf8 39. Ke3 Rf7 40. Rb5 Rb7
41. Rd1 Be7 42. Rdd5 Bf8 43. b4 axb4 44. Rxb4 Rc7 45. Ke4 Be7 46. Rdb5 1-0

[Event "N� LL 2004/05"]
[Site "?"]
[Date "2004.12.12"]
[Round "6"]
[White "Herndlbauer, Martin"]
[Black "Knoll, Hermann"]
[Result "0-1"]
[WhiteElo "2090"]
[BlackElo "2351"]
[Annotator "P�chlarn : Baden"]
[PlyCount "94"]

1. e4 c5 2. Nf3 d6 3. d4 cxd4 4. Nxd4 Nf6 5. Nc3 a6 6. Be3 e6 7. f3 b5 8. Qd2
Bb7 9. g4 h6 10. O-O-O Nbd7 11. h4 b4 12. Nce2 e5 13. Nf5 d5 14. g5 hxg5 15.
Bxg5 Qa5 16. Kb1 dxe4 17. Bh3 Bd5 18. Nc1 exf3 19. Rhe1 Be6 20. Nd6+ Bxd6 21.
Bxe6 fxe6 22. Qxd6 Qb6 23. Qxb6 Nxb6 24. Rxe5 O-O 25. Rxe6 Nfd5 26. Nd3 a5 27.
Rf1 Rf5 28. Ne5 a4 29. Rxf3 Rxf3 30. Nxf3 a3 31. Bc1 axb2 32. Bxb2 Rf8 33. Nd2
Rf2 34. Nb3 Rf1+ 35. Nc1 Nc4 36. Rg6 Nc3+ 37. Ka1 Na3 38. Rg2 Kh7 39. h5 Rh1
40. h6 g5 41. Bxa3 bxa3 42. Rg1 Rh2 43. Nd3 Rxc2 44. Nb4 Rb2 45. Rc1 Rd2 46.
Nc2 g4 47. Nb4 g3 0-1

[Event "N� LL 2004/05"]
[Site "?"]
[Date "2004.12.12"]
[Round "6"]
[White "Gruszka, Herbert"]
[Black "Sulyok, Michael"]
[Result "0-1"]
[WhiteElo "2076"]
[BlackElo "2161"]
[Annotator "P�chlarn : Baden"]
[PlyCount "90"]

1. d4 d6 2. e4 Nf6 3. Nc3 g6 4. Nf3 Bg7 5. Be2 O-O 6. Bg5 c6 7. Qd2 b5 8. a3
Bb7 9. Bh6 Nbd7 10. Bxg7 Kxg7 11. O-O e5 12. b4 a6 13. dxe5 dxe5 14. Qd6 Re8
15. Rfd1 Qb6 16. a4 Rad8 17. a5 Qa7 18. h3 c5 19. bxc5 Nxc5 20. Qb6 Qxb6 21.
axb6 Rxd1+ 22. Rxd1 Nfxe4 23. Nxe4 Bxe4 24. c4 b4 25. Nd2 Bc2 26. Rc1 b3 27.
Kf1 Rb8 28. Nb1 Rxb6 29. Ke1 a5 30. Na3 Be4 31. Kd2 b2 32. Rc3 b1=Q 33. Nxb1
Rxb1 34. Ra3 a4 35. f3 Bc6 36. Bd1 f5 37. Kc2 Rb8 38. Kc3 Kf6 39. Bc2 Ke6 40.
Ra1 Nb3 41. Rd1 Nd4 42. Ra1 Nxc2 43. Kxc2 e4 44. fxe4 fxe4 45. g3 Ke5 0-1

[Event "N� LL 2004/05"]
[Site "?"]
[Date "2004.12.12"]
[Round "6"]
[White "Rudolf, Herbert"]
[Black "Steinm�ller, G�nther"]
[Result "1/2-1/2"]
[WhiteElo "2163"]
[BlackElo "2053"]
[Annotator "P�chlarn : Baden"]
[PlyCount "49"]

1. b4 e5 2. Bb2 f6 3. b5 d5 4. e3 Be6 5. d4 Nd7 6. dxe5 fxe5 7. Nf3 Bd6 8. Nbd2
Ngf6 9. c4 c6 10. Be2 O-O 11. Ng5 Bf5 12. cxd5 cxd5 13. e4 dxe4 14. Bc4+ Kh8
15. Nf7+ Rxf7 16. Bxf7 Nc5 17. O-O Nd3 18. Rb1 Bg4 19. Qb3 Bc5 20. Nc4 Qc7 21.
Ne3 Be2 22. Rfc1 Qb6 23. Rc2 Bxe3 24. Rxe2 Bxf2+ 25. Kh1 1/2-1/2

[Event "N� LL 2004/05"]
[Site "?"]
[Date "2004.12.12"]
[Round "6"]
[White "Pernerstorfer, Johannes"]
[Black "Zojer, Thomas"]
[Result "0-1"]
[WhiteElo "2046"]
[BlackElo "1982"]
[Annotator "P�chlarn : Baden"]
[PlyCount "52"]

1. d4 d5 2. c4 e6 3. Nc3 Nf6 4. Bg5 Nbd7 5. Nf3 c6 6. cxd5 exd5 7. e3 Be7 8.
Bd3 O-O 9. O-O Re8 10. a3 Ne4 11. Bxe4 Bxg5 12. Bc2 Be7 13. e4 dxe4 14. Nxe4
Nf6 15. Ne5 Be6 16. Ng5 Bd5 17. Qd3 g6 18. Qh3 Nh5 19. Ngxf7 Bxf7 20. Nxf7 Kxf7
21. Rfe1 Kg7 22. Qb3 Qd7 23. Re3 Bg5 24. Rh3 Nf4 25. Rf3 Re7 26. Kf1 Qg4 0-1

[Event "N� LL 2004/05"]
[Site "?"]
[Date "2005.01.23"]
[Round "7"]
[White "Weiss, Christian"]
[Black "Hellmayr, Alois"]
[Result "0-1"]
[WhiteElo "2383"]
[BlackElo "2259"]
[Annotator "B�hlerwerk : P�chlarn"]
[PlyCount "137"]

1. g3 c5 2. c4 g6 3. Bg2 Bg7 4. Nf3 Nc6 5. O-O Nh6 6. Nc3 O-O 7. d3 Nf5 8. Rb1
a6 9. a3 Rb8 10. Ne4 d6 11. b4 cxb4 12. axb4 b5 13. c5 d5 14. Ned2 e5 15. e4
Nfe7 16. Ne1 Be6 17. Nc2 f5 18. exf5 Nxf5 19. Nb3 Qd7 20. d4 Nfxd4 21. Ncxd4
exd4 22. Qd2 Bh3 23. Bb2 Bxg2 24. Kxg2 Qf5 25. f3 Rbe8 26. Rbd1 d3 27. Nc1 Bxb2
28. Qxb2 Re3 29. g4 Qe5 30. Qxe5 Nxe5 31. f4 Nxg4 32. Rf3 Re4 33. Rdxd3 Rxb4
34. Rxd5 Rbxf4 35. Rxf4 Ne3+ 36. Kg3 Nxd5 37. Rd4 Ne7 38. Rd7 Kf7 39. Nd3 Rc8
40. Kf4 Ke8 41. Ra7 Rc6 42. Ra8+ Nc8 43. Ke4 Kd8 44. Kd5 Rf6 45. Nb4 Kd7 46.
Ke4 Re6+ 47. Kd4 Ne7 48. Kd3 Nc6 49. Nxc6 Kxc6 50. Kd4 Kb7 51. Rd8 Re7 52. Rd6
Re2 53. Rd7+ Kc6 54. Rd6+ Kc7 55. Rxa6 Rxh2 56. Ra7+ Kc6 57. Ra6+ Kc7 58. Rb6
Rh4+ 59. Kd5 Rh5+ 60. Kd4 b4 61. Re6 b3 62. Re7+ Kc8 63. Re8+ Kd7 64. Rb8 Rh3
65. Kd5 Kc7 66. Rb5 h5 67. Rb6 Rd3+ 68. Kc4 Re3 69. Kd5 0-1

[Event "N� LL 2004/05"]
[Site "?"]
[Date "2005.01.23"]
[Round "7"]
[White "Stadler, Peter"]
[Black "Knoll, Hermann"]
[Result "0-1"]
[WhiteElo "2141"]
[BlackElo "2351"]
[Annotator "B�hlerwerk : P�chlarn"]
[PlyCount "22"]

1. d4 Nf6 2. Nf3 e6 3. c4 b6 4. g3 Ba6 5. b3 d5 6. cxd5 exd5 7. Bg2 Bb4+ 8.
Nbd2 O-O 9. Ne5 Bc3 10. Ba3 Re8 11. e3 c5 0-1

[Event "N� LL 2004/05"]
[Site "?"]
[Date "2005.01.23"]
[Round "7"]
[White "Pernerstorfer, Johannes"]
[Black "Brandst�tter, Friedrich"]
[Result "1/2-1/2"]
[WhiteElo "2046"]
[BlackElo "2116"]
[Annotator "B�hlerwerk : P�chlarn"]
[PlyCount "117"]

1. e4 c5 2. Nf3 Nc6 3. d4 cxd4 4. Nxd4 Nf6 5. Nc3 d6 6. Be3 e6 7. Be2 Be7 8.
Qd2 O-O 9. O-O a6 10. f4 Qc7 11. Nb3 b5 12. Bf3 Bb7 13. a3 Rac8 14. Rad1 b4 15.
axb4 Nxb4 16. e5 dxe5 17. fxe5 Nfd5 18. Bd4 Nxc3 19. bxc3 Nc6 20. Qe3 Nxd4 21.
cxd4 Bxf3 22. Qxf3 Qxc2 23. Rc1 Qg6 24. Rxc8 Rxc8 25. Nc5 Bg5 26. Nxa6 h6 27.
Nc5 Rd8 28. Qc3 Qh5 29. Ne4 Qg4 30. Nd6 Qe2 31. Re1 Bd2 32. Rxe2 Bxc3 33. Re4
f5 34. Rh4 Kh7 35. Kf1 Rd7 36. Nb5 Ba1 37. Ke2 Rd5 38. Nc7 Rxd4 39. Rxd4 Bxd4
40. Nxe6 Bxe5 41. h3 Kg6 42. Kf3 Kf6 43. Nc5 g5 44. g4 f4 45. Ke4 Bd6 46. Nb3
Bb4 47. Nd4 Bf8 48. Kd5 Kf7 49. Ke4 Ke7 50. Kf5 Kd6 51. Ke4 Kd7 52. Kf5 Kc7 53.
Nf3 Kd6 54. h4 Be7 55. hxg5 hxg5 56. Ke4 Kc5 57. Nd4 Kc4 58. Ne6 Kc3 59. Nxf4
1/2-1/2

[Event "N� LL 2004/05"]
[Site "?"]
[Date "2005.01.23"]
[Round "7"]
[White "Eberl, Hans-Christian"]
[Black "Gattermayer, Robert"]
[Result "0-1"]
[WhiteElo "2010"]
[BlackElo "2061"]
[Annotator "B�hlerwerk : P�chlarn"]
[PlyCount "112"]

1. d4 Nf6 2. c4 e5 3. dxe5 Ne4 4. a3 a5 5. Nf3 Bc5 6. e3 Qe7 7. Qc2 Ng5 8. Nbd2
Nc6 9. Nxg5 Qxg5 10. Nf3 Qe7 11. Bd2 Nxe5 12. Nxe5 Qxe5 13. Bc3 Qg5 14. Qe4+
Kd8 15. h4 Qh6 16. Qe5 Bf8 17. O-O-O Qe6 18. Be2 Qxe5 19. Bxe5 f6 20. Bc3 a4
21. g4 Be7 22. g5 Rf8 23. f4 Bc5 24. Bd4 Bxd4 25. Rxd4 Re8 26. Kd2 Ra6 27. Rg1
Rb6 28. Rb1 c5 29. Rd5 d6 30. gxf6 gxf6 31. Bd1 Be6 32. Bxa4 Rg8 33. Rh5 Bxc4
34. Kc3 Be6 35. Re1 Rg7 36. Bc2 Bg8 37. Re2 Kc7 38. Rh6 d5 39. Rh5 Rd6 40. Kd3
b6 41. Rh6 d4 42. exd4 Rxd4+ 43. Ke3 Re7+ 44. Kf3 Bd5+ 45. Kf2 Rxf4+ 46. Ke1
Rd7 47. Rd2 Kc6 48. Bxh7 Rg7 49. Bg6 Bc4 50. Rh2 Rd7 51. Rh1 Re7+ 52. Kd1 Rf2
53. b4 Ree2 54. bxc5 Ra2 55. Bb1 Ra1 56. Kc1 Bd3 0-1

[Event "N� LL 2004/05"]
[Site "?"]
[Date "2005.01.23"]
[Round "7"]
[White "D�ckstein, Andreas"]
[Black "Rumpl, Erwin"]
[Result "1/2-1/2"]
[WhiteElo "2288"]
[BlackElo "2244"]
[Annotator "Amstetten : Zwettl"]
[PlyCount "122"]

1. e4 c6 2. d4 d5 3. Nc3 dxe4 4. Nxe4 Bf5 5. Ng3 Bg6 6. Nf3 Nd7 7. Bd3 Bxd3 8.
Qxd3 e6 9. O-O Ngf6 10. Re1 Be7 11. c4 O-O 12. Bf4 Re8 13. Rad1 a5 14. Ne5 a4
15. Qf3 h6 16. Nh5 Nxh5 17. Qxh5 Nxe5 18. Bxe5 Bf6 19. Re3 Ra5 20. Rg3 Kf8 21.
f4 Qe7 22. Bxf6 Rxh5 23. Bxg7+ Kg8 24. Bf6+ Kf8 25. Bxe7+ Kxe7 26. Re3 Rf5 27.
g3 b5 28. b3 axb3 29. axb3 bxc4 30. bxc4 Ra5 31. Rd2 Rb8 32. Kf2 Rb4 33. Rc2
Raa4 34. Rec3 Kd6 35. Ke3 c5 36. Kd3 Rb1 37. Rd2 Rbb4 38. Re2 Rb1 39. dxc5+
Kxc5 40. Re5+ Kd6 41. Rh5 Ra2 42. c5+ Kc6 43. Rxh6 Kd5 44. Rc2 Rb3+ 45. Kd2
Rxc2+ 46. Kxc2 Rb5 47. Rf6 Rxc5+ 48. Kd3 Rc7 49. g4 Kd6 50. g5 Ke7 51. Rh6 Ra7
52. Rh8 Ra3+ 53. Ke4 Ra4+ 54. Kf3 Ra3+ 55. Kg4 Ra4 56. Rh3 e5 57. Rf3 Kf8 58.
h4 Kg7 59. h5 Rb4 60. Kf5 exf4 61. h6+ Kg8 1/2-1/2

[Event "N� LL 2004/05"]
[Site "?"]
[Date "2005.01.23"]
[Round "7"]
[White "Wadsack, Wolfgang"]
[Black "Zwettler, Martin"]
[Result "1/2-1/2"]
[WhiteElo "2178"]
[BlackElo "2183"]
[Annotator "Amstetten : Zwettl"]
[PlyCount "33"]

1. e4 c5 2. c3 Nf6 3. e5 Nd5 4. d4 cxd4 5. cxd4 d6 6. Nf3 Nc6 7. Bc4 Nb6 8. Bb3
dxe5 9. d5 Na5 10. Nc3 Nxb3 11. Qxb3 e6 12. O-O Bd6 13. Bg5 f6 14. Be3 exd5 15.
Bxb6 Qxb6 16. Qxd5 Ke7 17. Rfe1 1/2-1/2

[Event "N� LL 2004/05"]
[Site "?"]
[Date "2005.01.23"]
[Round "7"]
[White "Vykydal, Frantisek"]
[Black "Wadsack, Winfried"]
[Result "1-0"]
[WhiteElo "2246"]
[BlackElo "2090"]
[Annotator "Amstetten : Zwettl"]
[PlyCount "115"]

1. e4 d5 2. Nc3 dxe4 3. Nxe4 Bf5 4. Ng3 Bg6 5. Nf3 Nf6 6. d4 e6 7. Bd3 Nbd7 8.
Qe2 Be7 9. O-O Bxd3 10. Qxd3 O-O 11. Bg5 h6 12. Bxf6 Nxf6 13. Rad1 c5 14. c3
cxd4 15. Nxd4 Qb6 16. Qe2 Rfd8 17. Nb3 Rxd1 18. Rxd1 Rd8 19. Rxd8+ Qxd8 20. Qd2
Qb6 21. Qd4 Qa6 22. a4 Nd5 23. h3 Bf6 24. Qe4 Qb6 25. Qc4 Be5 26. Ne2 Bc7 27.
g3 Qd6 28. Qd4 Bb6 29. Qd3 Qe5 30. Ned4 g6 31. Nf3 Qc7 32. Qe4 Nf6 33. Qe5 Qxe5
34. Nxe5 Ne4 35. Nd3 a6 36. Kf1 Kf8 37. Ke2 f6 38. Ne1 Ke7 39. Nc2 e5 40. Ne3
Ke6 41. Nc4 Bc7 42. g4 b5 43. Ne3 Bb6 44. f4 Nc5 45. f5+ gxf5 46. gxf5+ Kf7 47.
a5 Nxb3 48. axb6 Nc5 49. b4 Nb7 50. Kd3 a5 51. bxa5 Nxa5 52. Ke4 Ke7 53. Kd5
Kd7 54. Ng4 Nc4 55. Nxf6+ Kc8 56. Kc6 Na5+ 57. Kxb5 Nb7 58. Ne4 1-0

[Event "N� LL 2004/05"]
[Site "?"]
[Date "2005.01.23"]
[Round "7"]
[White "Mittermayr, Gerhard"]
[Black "Mlynek, Petr"]
[Result "*"]
[WhiteElo "2133"]
[BlackElo "2216"]
[Annotator "Amstetten : Zwettl"]
[PlyCount "53"]

1. e4 c6 2. d4 d5 3. Nd2 dxe4 4. Nxe4 Nd7 5. Ng5 Ngf6 6. Bc4 e6 7. Qe2 Nb6 8.
Bd3 h6 9. N5f3 c5 10. dxc5 Bxc5 11. Ne5 O-O 12. Ngf3 Nbd5 13. a3 b6 14. g4 Qc7
15. c4 Ne7 16. g5 hxg5 17. Bxg5 Nh7 18. Rg1 Nf5 19. Bxf5 exf5 20. Bh6 g6 21.
O-O-O Qe7 22. Nxg6 fxg6 23. Rxg6+ Kh8 24. Bg7+ Qxg7 25. Rxg7 Kxg7 26. Rg1+ Kf7
27. Qe5 *

[Event "N� LL 2004/05"]
[Site "?"]
[Date "2005.01.23"]
[Round "7"]
[White "Spacek, Petr"]
[Black "Lehner, Oliver"]
[Result "1/2-1/2"]
[WhiteElo "2381"]
[BlackElo "2414"]
[Annotator "St.P�lten : Krems"]
[PlyCount "43"]

1. d4 Nf6 2. c4 g6 3. Nc3 Bg7 4. e4 d6 5. h3 O-O 6. Bg5 Na6 7. Nf3 e5 8. d5 c6
9. Be2 h6 10. Be3 cxd5 11. cxd5 Nh5 12. Qd2 Nf4 13. Bxf4 exf4 14. Qxf4 Nc5 15.
O-O f5 16. exf5 Bxf5 17. Qd2 Qb6 18. Nh4 Be4 19. Bf3 Bd3 20. Be2 Be4 21. Bf3
Bd3 22. Be2 1/2-1/2

[Event "N� LL 2004/05"]
[Site "?"]
[Date "2005.01.23"]
[Round "7"]
[White "Ganaus, Hannes"]
[Black "Mozny, Milos"]
[Result "1-0"]
[WhiteElo "2330"]
[BlackElo "2376"]
[Annotator "St.P�lten : Krems"]
[PlyCount "97"]

1. Nf3 d5 2. g3 Nf6 3. Bg2 c5 4. c4 e6 5. O-O Nc6 6. cxd5 exd5 7. d4 c4 8. b3
cxb3 9. Qxb3 Be7 10. Nc3 O-O 11. Bg5 Na5 12. Qb1 Be6 13. Qd3 Rc8 14. Rfc1 Nc4
15. Bxf6 gxf6 16. Nh4 Ba3 17. Rc2 Bb2 18. Rb1 Bxc3 19. Rxc3 Nd6 20. Rxc8 Qxc8
21. h3 Qc4 22. Qxc4 dxc4 23. d5 Bd7 24. Nf3 Rc8 25. Nd4 c3 26. Rc1 Rc4 27. e3
b5 28. Kf1 b4 29. Ke2 a5 30. Kd3 Rc5 31. e4 Nc4 32. f4 Bc8 33. Nb3 Nb2+ 34. Ke3
Rc7 35. Nxa5 Bd7 36. e5 fxe5 37. fxe5 Bb5 38. Be4 Nc4+ 39. Nxc4 Bxc4 40. d6 Ra7
41. Rb1 Be6 42. Rxb4 Rxa2 43. Rb7 Kf8 44. Rc7 Bxh3 45. Bd5 Rd2 46. Rxf7+ Ke8
47. Re7+ Kf8 48. Be4 Bf1 49. Rc7 1-0

[Event "N� LL 2004/05"]
[Site "?"]
[Date "2005.01.23"]
[Round "7"]
[White "Weninger, Robert"]
[Black "Posch, Werner"]
[Result "0-1"]
[WhiteElo "2032"]
[BlackElo "2188"]
[Annotator "Ternitz/Gloggnitz : Wr.Neustadt"]
[PlyCount "38"]

1. e4 Nf6 2. e5 Nd5 3. d4 d6 4. c4 Nb6 5. Nf3 g6 6. exd6 exd6 7. Bg5 f6 8. Be3
Nc6 9. Nc3 Ne7 10. Bd3 Bg7 11. O-O O-O 12. b3 f5 13. Ne2 Re8 14. Rc1 Nd7 15.
Qc2 c5 16. Nf4 Nc6 17. Nd5 cxd4 18. Bf4 Nde5 19. Nxe5 dxe5 0-1